| 000 | 00396 a2200169 4500 | ||
|---|---|---|---|
| 001 | 69979 | ||
| 020 | _a8532203450 | ||
| 040 | _cAnchieta - Itaigara | ||
| 100 | _aPenteado, Maria Heloísa | ||
| 240 | 1 | 0 |
_aDona Quitéria trutruzeira _lpor |
| 245 | 1 | 0 | _aDona Quitéria trutruzeira |
| 300 | _a46 [1p.] | ||
| 362 | 0 | _a1986 | |
| 440 | 1 | _aFTD | |
| 650 | 4 | _aLiteratura infanto-juvenil | |
| 942 | _cBK | ||
| 999 |
_c69979 _d69979 |
||